Nadie sabe qué Roma te atrapará / (Record no. 190427)

MARC details
000 -LEADER
campo de control de longitud fija 00850nam a2200253 i 4500
001 - NÚMERO DE CONTROL
campo de control 190427
003 - IDENTIFICADOR DE NÚMERO DE CONTROL
campo de control ES-MaACL
005 - FECHA Y HORA DE LA ÚLTIMA TRANSACCIÓN
campo de control 20250907063139.0
008 - DATOS DE LONGITUD FIJA--INFORMACIÓN GENERAL
campo de control de longitud fija 210326s2017 sp 001 p spa d
020 ## - NÚMERO INTERNACIONAL ESTÁNDAR DEL LIBRO
Número Internacional Estándar del Libro 978-84-946932-1-2
080 ## - NÚMERO DE LA CLASIFICACIÓN DECIMAL UNIVERSAL
Número de la Clasificación Decimal Universal 821.134.2-14"19"
100 1# - ENTRADA PRINCIPAL--NOMBRE DE PERSONA
Nombre de persona García, José Ángel,
Fechas asociadas al nombre 1948-
9 (RLIN) 149461
245 10 - MENCIÓN DEL TÍTULO
Título Nadie sabe qué Roma te atrapará /
Mención de responsabilidad, etc. José Ángel García.
250 ## - MENCION DE EDICION
Mención de edición 1ª ed.
260 ## - PUBLICACIÓN, DISTRIBUCIÓN, ETC.
Lugar de publicación, distribución, etc. Madrid :
Nombre del editor, distribuidor, etc. Vitruvio,
Fecha de publicación, distribución, etc. 2017.
300 ## - DESCRIPCIÓN FÍSICA
Extensión 46 p. ;
Dimensiones 24 cm.
490 1# - MENCIÓN DE SERIE
Mención de serie Colección Baños del Carmen ;
Designación de volumen o secuencia 640
830 1# - PUNTO DE ACCESO ADICIONAL DE SERIE-TÍTULO UNIFORME
Título uniforme Colección Baños del Carmen
Designación de volumen o secuencia 640
9 (RLIN) 183030
852 4# - LOCALIZACIÓN
Ubicación ES-MaACL
Número de control de estantería A-14627
itemnumber 197604
Sublocalización o colección R.152003
Ubicación en estantería Depósito 1
Signatura antigua Olim: N-7627
Donativo/Legado Donación: José Lazaro
903 ## - NOMBRE PERSONAL DE DONANTE
9 234219
a Lázaro García, José
e Donante
942 ## - ELEMENTOS DE ENTRADA SECUNDARIOS (KOHA)
Fuente del sistema de clasificación o colocación Clasificación decimal universal
Tipo de ítem Koha Libro impreso
Holdings
Estatus retirado Estado de pérdida Fuente del sistema de clasificación o colocación Estado de daño No para préstamo Biblioteca de origen Biblioteca actual Ubicación en estantería Fecha de adquisición Fuente de adquisición Total de préstamos Signatura topográfica completa Código de barras Visto por última vez Precio de reemplazo Tipo de ítem Koha
    Clasificación decimal universal     Biblioteca del Ateneo de Madrid Biblioteca del Ateneo de Madrid Depósito 1 26/03/2021 Donación   A-14627 1202450 23/02/2023 23/02/2023 Libro impreso